000 00896nam a2200205Ii 4500
003 JO-AjNU
008 230605s9999||||xx |||||||||||||| ||und||
040 _aJO-AjNU
_bara
_erda
_cJO-AjNU
041 _aara
050 1 4 _aHF5655.A7.N8722 2009
100 3 _aنور، احمد محمد,
_eauthor
_932853
245 0 0 _aمبادىء المحاسبة المالية: المبادىء والمفاهيم والاجراءات المحاسبية طبقا لمعايير المحاسبة الدولية والعربية
264 3 1 _aالاسكندرية: الدار الجامعية ، 2009
300 _a823ص
_bيحتوي على ببلوغرافية من ص821-823ص
336 _atext
_btxt
_2rdacontent
337 _aunmediated
_bn
_2rdamedia
338 _avolume
_bnc
_2rdacarrier
490 0 _aسلسلة المكتبة المحاسبية؛1
650 4 _aالمحاسبة المالية
_932854
999 _aA13310
_c16878
_d16878